PRERNA-DEEP [ KHAND-2] AATMAWAT SARVBHUTESHU (Record no. 8531)

MARC details
000 -LEADER
fixed length control field 00398nam a22001457a 4500
005 - DATE AND TIME OF LATEST TRANSACTION
control field 20240705120152.0
008 - FIXED-LENGTH DATA ELEMENTS--GENERAL INFORMATION
fixed length control field 240705b |||||||| |||| 00| 0 eng d
020 ## - INTERNATIONAL STANDARD BOOK NUMBER
ISBN 978-81-930886-8-5
041 ## - LANGUAGE CODE
Language code of text/sound track or separate title eng
100 ## - MAIN ENTRY--AUTHOR NAME
Personal name BATRA, DINANATH
245 ## - TITLE STATEMENT
Title PRERNA-DEEP [ KHAND-2] AATMAWAT SARVBHUTESHU
260 ## - PUBLICATION, DISTRIBUTION, ETC. (IMPRINT)
Place of publication KURUKSHETRA
Name of publisher VIDYA BHARTI SANSKRITI SHIKSHA SANSTHAN
300 ## - PHYSICAL DESCRIPTION
Number of Pages 88; P
942 ## - ADDED ENTRY ELEMENTS (KOHA)
Koha item type Books
Holdings
Lost status Damaged status Home library Current library Shelving location Date acquired Source of acquisition Cost, normal purchase price Accession Number Koha item type
    JRU Library JRU Library SHELF-44-L 05/07/2024 PURCHASE 33.00 28200 Books
    JRU Library JRU Library SHELF-44-L 05/07/2024 PURCHASE 33.00 28201 Books